Podiel a úlohy ROH v SSR pri príprave mládeže na robotnícke povolanie po 17. zjazde KSČ a Zjazde KSS Správa Predsedníctva Slovenskej odborovej rady, ktorú predniesla na 16. plenárnej schôdzi SOR tajomníčka SOR súdružka Mária Jacková

Bibliographic Details
Format: Article
Language:Slovak
PhysicalDescription:Obr. 2.
Subjects:

MARC

LEADER 00000nab a2200000 a 4500
001 vtls000258565
003 SK-MaSNL
005 20260302220822.0
008 190108c1986 xo 0 slo
015 |a SNBRB19rr/mm-uuuuu 
035 |a CL0268679 
040 |a SNKBUCL  |b slo  |c SNKBUCL  |e AACR2 
041 0 |a slo 
044 |a xo  |c SK 
080 |a 331.88(437.6)  |2 1981 
080 |a 377  |2 1981 
245 0 0 |a Podiel a úlohy ROH v SSR pri príprave mládeže na robotnícke povolanie po 17. zjazde KSČ a Zjazde KSS  |b Správa Predsedníctva Slovenskej odborovej rady, ktorú predniesla na 16. plenárnej schôdzi SOR tajomníčka SOR súdružka Mária Jacková 
300 |b Obr. 2. 
610 2 7 |a Revolučné odborové hnutie  |2 SNKKA  |9 36449 
650 0 7 |a SOR  |2 snkbucl  |9 921551 
650 0 7 |a povolania robotnícke  |2 snkbucl  |9 923906 
650 0 7 |a mládež  |2 snkbucl  |9 1575 
651 7 |a 5100  |2 snkbucl  |9 166206 
655 7 |a články z novín a časopisov  |2 snkbucl  |9 267496 
773 0 |t Odborár  |g Roč. 40, č. 21 (1986), s. 6-11 
850 |a Slovenská národná knižnica v Martine  |a MTA001 
852 |a SNK  |b KIS3GCP 
958 |a RK 
992 |a RBX 
999 |c 1508821  |d 1510751